000 00260nam a2200097Ia 4500
001 1251146
005 20251031150910.0
008 251031s9999 xx 000 0 und d
245 0 _cEBUBEKİR ERTEM
_aI-3 KARİYERDE YAPARIM BABALIK'DA
260 _bCEZVE YAYINLARI
999 _c1251146
_d1251146